[Event "Montevideo Duchamp Cup 6th"]
[Site "Montevideo"]
[Date "2023.02.08"]
[Round "6"]
[White "Requejo, Oswaldo"]
[Black "Ibanez, Marcelo"]
[Result "1-0"]
[WhiteElo "2187"]
[BlackElo "1971"]
[PlyCount "103"]
[EventDate "2023.02.03"]
[EventType "swiss"]
[EventRounds "9"]
[EventCountry "URU"]
[SourceTitle "CBM 212 Extra"]
[Source "ChessBase"]
[SourceDate "2023.03.31"]
[SourceVersion "1"]
[SourceVersionDate "2023.03.31"]
[SourceQuality "1"]

1. e4 g6 2. d4 Bg7 3. c3 d6 4. f4 Nf6 5. e5 Nd5 6. Bc4 c6 7. Nf3 0-0 8. 0-0 a5 9. a4 Na6 10. Qe1 Nac7 11. Qh4 f6 12. Nbd2 Be6 13. Re1 Qd7 14. Ba2 fxe5 15. fxe5 Rf4 16. Qf2 Raf8 17. Ne4 R4f5 18. exd6 exd6 19. Qg3 Nf4 20. Bxf4 Rxf4 21. Bxe6+ Nxe6 22. Qh3 R4f5 23. Neg5 Nxg5 24. Nxg5 Bf6 25. Nf3 Qd8 26. Re2 c5 27. dxc5 dxc5 28. Qg4 Qd5 29. Qe4 Rd8 30. Rae1 Qxe4 31. Rxe4 Rfd5 32. Re6 R5d6 33. Kf2 Kf7 34. Rxd6 Rxd6 35. Ke2 Ke6 36. Nd2 Kd5 37. Kd3 Kc6+ 38. Kc2 Bd8 39. Re2 b6 40. Nc4 Rf6 41. Ne5+ Kb7 42. Kd3 Rf4 43. b3 Bc7 44. Nf3 h5 45. Re4 Rf5 46. h4 Kc6 47. Re6+ Kb7 48. Rxg6 Kb8 49. Rg5 Rxg5 50. hxg5 Bd8 51. g6 Bf6 52. Nh4 1-0

[Event "Sitges Sunway op 9th"]
[Site "Sitges"]
[Date "2022.12.16"]
[Round "5"]
[White "Requejo, Oswaldo"]
[Black "Alfonso Pellisa, Aaron"]
[Result "1-0"]
[WhiteElo "2248"]
[BlackElo "2018"]
[PlyCount "69"]
[EventDate "2022.12.12"]
[EventType "swiss"]
[EventRounds "10"]
[EventCountry "ESP"]
[SourceTitle "CBM 211 Extra"]
[Source "ChessBase"]
[SourceDate "2023.01.31"]
[SourceVersion "1"]
[SourceVersionDate "2023.01.31"]
[SourceQuality "1"]

1. e4 e5 2. Nf3 Nc6 3. Bc4 Nf6 4. d4 exd4 5. 0-0 Nxe4 6. Re1 d5 7. Bxd5 Qxd5 8. Nc3 Qd7 9. Nxe4 Be7 10. Bg5 0-0 11. Bxe7 Qxe7 12. Nxd4 Bd7 13. Nb3 Bc8 14. Qf3 f5 15. Nc3 Qf7 16. Qf4 b6 17. Nb5 a6 18. Qxc7 axb5 19. Qxc6 Bd7 20. Qd6 Rfe8 21. h3 f4 22. Rxe8+ Rxe8 23. Rd1 Bf5 24. Nd4 Bc8 25. Nf3 Bb7 26. Rd4 Qxa2 27. Qc7 Qa8 28. Rxf4 Bc6 29. Qf7+ Kh8 30. Ne5 h6 31. Rg4 Rg8 32. Ng6+ Kh7 33. Qf5 Re8 34. Ne5+ Kg8 35. Qf7+ 1-0

[Event "Benidorm Bali op-A"]
[Site "Benidorm"]
[Date "2022.12.05"]
[Round "3"]
[White "Requejo, Oswaldo"]
[Black "Schaffert, Walter"]
[Result "0-1"]
[WhiteElo "2248"]
[BlackElo "2037"]
[PlyCount "92"]
[EventDate "2022.12.03"]
[EventType "swiss"]
[EventRounds "9"]
[EventCountry "ESP"]
[SourceTitle "CBM 211 Extra"]
[Source "ChessBase"]
[SourceDate "2023.01.31"]
[SourceVersion "1"]
[SourceVersionDate "2023.01.31"]
[SourceQuality "1"]

1. e4 d5 2. exd5 Qxd5 3. Nc3 Qd6 4. Bc4 Nf6 5. d3 a6 6. Nf3 b5 7. Bb3 Bb7 8. Qe2 e6 9. Bd2 Nbd7 10. a4 Nc5 11. axb5 Nxb3 12. cxb3 Be7 13. Ne4 Qd5 14. bxa6 Bxa6 15. Bc3 Nxe4 16. Qxe4 Qxe4+ 17. dxe4 0-0 18. 0-0-0 Be2 19. Rde1 Rfd8 20. Nd4 Bd3 21. Nc2 Bg5+ 22. Bd2 Bxd2+ 23. Kxd2 Bxe4+ 24. Kc1 Bxg2 25. Rhg1 Bd5 26. Rg3 f5 27. Rc3 c6 28. f3 Kf7 29. Na3 Kf6 30. Kc2 Rdb8 31. Nc4 Rb4 32. Ne5 Ra6 33. Nd7+ Ke7 34. Nc5 Rab6 35. Rce3 Kf7 36. Nxe6 Rxb3 37. Nd4 Rxb2+ 38. Kc3 c5 39. Re7+ Kf6 40. Nc2 R6b3+ 41. Kd2 Rxf3 42. Kc1 Rfb3 43. R1e5 Rb1+ 44. Kd2 Rh3 45. Re2 c4 46. Rc7 Rd3# 0-1

[Event "Arica op 5th"]
[Site "Arica"]
[Date "2018.12.15"]
[Round "4"]
[White "Rodriguez Vila, Andres"]
[Black "Requejo, Oswaldo"]
[Result "1/2-1/2"]
[WhiteElo "2489"]
[BlackElo "2294"]
[PlyCount "84"]
[EventDate "2018.12.13"]
[EventType "swiss"]
[EventRounds "10"]
[EventCountry "CHI"]
[SourceTitle "CBM 188 Extra"]
[Source "ChessBase"]
[SourceDate "2019.02.26"]
[SourceVersion "1"]
[SourceVersionDate "2019.02.26"]
[SourceQuality "1"]

1. e4 c5 2. Nf3 d6 3. c3 Nf6 4. Bd3 g6 5. h3 Bg7 6. Bc2 0-0 7. d4 d5 8. e5 Ne4 9. 0-0 Nc6 10. Re1 f5 11. exf6 exf6 12. dxc5 Nxc5 13. Be3 Ne4 14. Bb3 Be6 15. Nbd2 Bf7 16. Nxe4 dxe4 17. Nd2 f5 18. Bc5 Bxb3 19. Qxb3+ Rf7 20. Rad1 Na5 21. Qa3 Qc7 22. Bd6 Qb6 23. Bb4 Nc6 24. Nc4 Qa6 25. Qb3 Nxb4 26. Nd6 Qxa2 27. Qxa2 Nxa2 28. Nxf7 Kxf7 29. Rd7+ Kg8 30. Rxb7 a5 31. Ra1 Nxc3 32. bxc3 Bxc3 33. Rc1 Bd4 34. Rd7 Bf6 35. Rcc7 h5 36. Rc6 Rf8 37. Ra7 Rf7 38. Rxf7 Kxf7 39. Ra6 h4 40. Rxa5 Kg7 41. Kf1 Kh6 42. Ra8 Kg7 1/2-1/2

[Event "PER-ch Grand Prix final"]
[Site "Lima"]
[Date "2016.01.23"]
[Round "9"]
[White "Requejo, Oswaldo"]
[Black "Terry, Renato"]
[Result "0-1"]
[WhiteElo "2240"]
[BlackElo "2465"]
[PlyCount "92"]
[EventDate "2016.01.18"]
[EventType "tourn"]
[EventRounds "11"]
[EventCountry "PER"]
[EventCategory "6"]
[SourceTitle "CBM 170 Extra"]
[Source "ChessBase"]
[SourceDate "2016.02.25"]
[SourceVersion "1"]
[SourceVersionDate "2016.02.25"]
[SourceQuality "1"]

1. d4 g6 2. c4 Bg7 3. Nc3 f5 4. g4 fxg4 5. h3 g3 6. fxg3 e5 7. dxe5 Bxe5 8. Nf3 Bxg3+ 9. Kd2 Bf4+ 10. e3 Bh6 11. Bd3 Nf6 12. Kc2 Nc6 13. a3 d6 14. Re1 Ne5 15. Nxe5 dxe5 16. Qf3 0-0 17. Qg3 Qe7 18. Bd2 e4 19. Be2 c6 20. h4 Bf5 21. h5 Rad8 22. hxg6 hxg6 23. Rh1 Bg7 24. Qh4 Kf7 25. Raf1 Rh8 26. Qe1 Rxh1 27. Rxh1 Qd6 28. Rf1 Kg8 29. Bc1 Ng4 30. Rg1 Ne5 31. Qg3 Nd3 32. Qxd6 Rxd6 33. Bd2 Ne5 34. Be1 Nf3 35. Rh1 g5 36. c5 Rh6 37. Rxh6 Nxe1+ 38. Kd1 Bxh6 39. Kxe1 Bg7 40. Nd1 Kf7 41. b4 Be5 42. Kd2 g4 43. Bf1 g3 44. Bg2 Kf6 45. a4 Ke6 46. Kc2 Kd5 0-1

[Event "PER-ch Grand Prix final"]
[Site "Lima"]
[Date "2016.01.20"]
[Round "5"]
[White "Escalante Ramirez, Brian Sebastian"]
[Black "Requejo, Oswaldo"]
[Result "1/2-1/2"]
[WhiteElo "2331"]
[BlackElo "2240"]
[PlyCount "89"]
[EventDate "2016.01.18"]
[EventType "tourn"]
[EventRounds "11"]
[EventCountry "PER"]
[EventCategory "6"]
[SourceTitle "CBM 170 Extra"]
[Source "ChessBase"]
[SourceDate "2016.02.25"]
[SourceVersion "1"]
[SourceVersionDate "2016.02.25"]
[SourceQuality "1"]

1. e4 e5 2. Nf3 Nc6 3. Bc4 Nf6 4. Ng5 Bc5 5. Bxf7+ Ke7 6. Bb3 Rf8 7. 0-0 d6 8. Nc3 Nd4 9. Nd5+ Nxd5 10. Bxd5 Rf4 11. Kh1 h6 12. c3 hxg5 13. cxd4 Qh8 14. d3 Bxd4 15. Bxf4 gxf4 16. g4 c6 17. Bb3 Bxb2 18. Rb1 Bd4 19. Qf3 b5 20. a4 a6 21. Kg2 Bd7 22. h4 Qxh4 23. Rh1 Qxg4+ 24. Qxg4 Bxg4 25. Rh7 Kf6 26. Rg1 bxa4 27. Bxa4 Rb8 28. Kh2 Be6 29. Rg2 Rb2 30. Rhxg7 Bf7 31. f3 Bf2 32. Rh7 Bg3+ 33. Kh1 Rb6 34. Rc2 c5 35. Kg2 Rb4 36. Bc6 Rd4 37. Bb7 Rxd3 38. Bxa6 Ra3 39. Be2 Bb3 40. Rd2 Ra2 41. Rxd6+ Kg5 42. Rg7+ Kh5 43. Rh7+ Kg5 44. Rd2 Kf6 45. Rh6+ 1/2-1/2

[Event "PER-ch Grand Prix final"]
[Site "Lima"]
[Date "2016.01.19"]
[Round "3"]
[White "Leiva Rodriguez, Jeammarco Giuseppe"]
[Black "Requejo, Oswaldo"]
[Result "0-1"]
[WhiteElo "2384"]
[BlackElo "2240"]
[PlyCount "114"]
[EventDate "2016.01.18"]
[EventType "tourn"]
[EventRounds "11"]
[EventCountry "PER"]
[EventCategory "6"]
[SourceTitle "CBM 170 Extra"]
[Source "ChessBase"]
[SourceDate "2016.02.25"]
[SourceVersion "1"]
[SourceVersionDate "2016.02.25"]
[SourceQuality "1"]

1. Nf3 Nf6 2. c4 g6 3. g3 Bg7 4. Bg2 0-0 5. 0-0 d6 6. d4 c5 7. d5 b5 8. cxb5 a6 9. bxa6 Bxa6 10. Nc3 Nbd7 11. Qc2 Qc7 12. Rd1 Rfb8 13. Rb1 Nb6 14. b3 Bc8 15. h3 Bd7 16. Bb2 Qc8 17. Kh2 Ne8 18. Rdc1 Nc7 19. e4 Qf8 20. Re1 Rc8 21. Bf1 Na6 22. a3 Nc7 23. Kg2 Rcb8 24. Rbd1 e5 25. Nd2 f5 26. f3 Ne8 27. Ra1 Nf6 28. a4 Nh5 29. a5 Nc8 30. Nc4 Bh6 31. Bc1 Bxc1 32. Rexc1 Qf6 33. Rcb1 Ra7 34. Qd2 Rc7 35. Be2 f4 36. g4 Ng3 37. Bd1 h5 38. Qf2 Na7 39. Ne2 hxg4 40. hxg4 Nxe4 41. fxe4 Bxg4 42. Nxf4 exf4 43. Bxg4 Qg5 44. Kf3 Nb5 45. Be6+ Kg7 46. Rg1 Qf6 47. e5 dxe5 48. Nb6 Nd4+ 49. Ke4 Nxe6 50. dxe6 Qf5+ 51. Kd5 e4+ 52. Kd6 Rcb7 53. Rxg6+ Kf8 54. Rag1 Rxb6+ 55. axb6 Rd8+ 56. Kc6 Qd5+ 57. Kc7 Qd6+ 0-1

[Event "Antofagasta Zicosur op 2nd"]
[Site "Antofagasta"]
[Date "2016.01.08"]
[Round "6"]
[White "Requejo, Oswaldo"]
[Black "Valenzuela Gomez, Fernando Alberto"]
[Result "0-1"]
[WhiteElo "2240"]
[BlackElo "2293"]
[PlyCount "58"]
[EventDate "2016.01.05"]
[EventType "swiss"]
[EventRounds "9"]
[EventCountry "CHI"]
[SourceTitle "CBM 170 Extra"]
[Source "ChessBase"]
[SourceDate "2016.02.25"]
[SourceVersion "1"]
[SourceVersionDate "2016.02.25"]
[SourceQuality "1"]

1. d4 Nf6 2. c4 g6 3. Nc3 Bg7 4. e4 d6 5. f4 0-0 6. Nf3 Bg4 7. Be3 c5 8. d5 e6 9. Bd3 exd5 10. cxd5 b5 11. e5 dxe5 12. fxe5 Nfd7 13. Bxb5 Nxe5 14. Bxc5 Bxf3 15. gxf3 Qh4+ 16. Bf2 Qh3 17. Bg3 Qg2 18. Rf1 Qxb2 19. Rc1 Ned7 20. Qd2 Bxc3 21. Rxc3 Qxb5 22. Rb3 Qc5 23. Rf2 Re8+ 24. Kf1 Nf6 25. d6 Nbd7 26. Qd3 Qc1+ 27. Kg2 Re1 28. Qd2 Rg1+ 29. Kh3 Qc5 0-1

[Event "Antofagasta Zicosur op 2nd"]
[Site "Antofagasta"]
[Date "2016.01.05"]
[Round "1"]
[White "Andrade Lopez, Alexander"]
[Black "Requejo, Oswaldo"]
[Result "0-1"]
[WhiteElo "1629"]
[BlackElo "2240"]
[PlyCount "58"]
[EventDate "2016.01.05"]
[EventType "swiss"]
[EventRounds "9"]
[EventCountry "CHI"]
[SourceTitle "CBM 170 Extra"]
[Source "ChessBase"]
[SourceDate "2016.02.25"]
[SourceVersion "1"]
[SourceVersionDate "2016.02.25"]
[SourceQuality "1"]

1. d4 Nf6 2. c4 e6 3. g3 d5 4. Bg2 Be7 5. Nf3 0-0 6. 0-0 Nbd7 7. Nbd2 c5 8. b3 cxd4 9. Nxd4 Nb6 10. Bb2 dxc4 11. Nxc4 Nxc4 12. bxc4 Qc7 13. Rc1 a6 14. Qb3 Bc5 15. Rfd1 e5 16. Nf3 Re8 17. Qc2 e4 18. Nd4 e3 19. f4 Ng4 20. Nf5 Bf8 21. Bd5 Be6 22. h3 Nf2 23. Nh6+ Kh8 24. Bxe6 Rxe6 25. Qf5 Rxh6 26. Rd7 Qc6 27. Qd5 Qg6 28. Kg2 Rxh3 29. Qg5 Qe4+ 0-1

[Event "Bogota McGregor op 4th"]
[Site "Bogota"]
[Date "2013.12.07"]
[Round "6"]
[White "Ordonez Gonzalez, Gabriel"]
[Black "Requejo, Oswaldo"]
[Result "0-1"]
[WhiteElo "1889"]
[BlackElo "2302"]
[PlyCount "96"]
[EventDate "2013.12.04"]
[EventType "swiss"]
[EventRounds "9"]
[EventCountry "COL"]
[SourceTitle "CBM 157 Extra"]
[Source "ChessBase"]
[SourceDate "2013.12.19"]
[SourceVersion "1"]
[SourceVersionDate "2013.12.19"]
[SourceQuality "1"]

1. c4 Nf6 2. Nc3 g6 3. g3 Bg7 4. Bg2 0-0 5. Nf3 d5 6. cxd5 Nxd5 7. 0-0 c5 8. Nxd5 Qxd5 9. Qc2 Nc6 10. a3 b6 11. d3 Bb7 12. Be3 Rac8 13. Rac1 Na5 14. Nh4 Qa2 15. Bxb7 Nxb7 16. Rb1 c4 17. Rfc1 Nd6 18. Nf3 cxd3 19. Qxd3 Bxb2 20. Rd1 Qxa3 21. Qxa3 Bxa3 22. Ra1 Nc4 23. Rd3 Nxe3 24. fxe3 Rc1+ 25. Rxc1 Bxc1 26. Kf2 a5 27. Rb3 Ra8 28. Rb1 Ba3 29. Rxb6 Bd6 30. Ne1 a4 31. Rb2 a3 32. Ra2 f6 33. Nd3 Kf7 34. h3 Ra4 35. Kf3 f5 36. g4 Ke6 37. Nf2 fxg4+ 38. hxg4 h5 39. gxh5 gxh5 40. e4 Ra8 41. Nd3 Be5 42. Nf4+ Bxf4 43. Kxf4 Kd6 44. e5+ Kc5 45. Kf5 Ra6 46. Rc2+ Kb4 47. Rc7 a2 48. Rxe7 a1Q 0-1

[Event "Bogota McGregor op 4th"]
[Site "Bogota"]
[Date "2013.12.07"]
[Round "7"]
[White "Requejo, Oswaldo"]
[Black "Zabala, Fidel"]
[Result "1-0"]
[WhiteElo "2302"]
[BlackElo "1992"]
[PlyCount "77"]
[EventDate "2013.12.04"]
[EventType "swiss"]
[EventRounds "9"]
[EventCountry "COL"]
[SourceTitle "CBM 157 Extra"]
[Source "ChessBase"]
[SourceDate "2013.12.19"]
[SourceVersion "1"]
[SourceVersionDate "2013.12.19"]
[SourceQuality "1"]

1. e4 d5 2. exd5 Nf6 3. c4 e6 4. dxe6 Bxe6 5. d4 Bb4+ 6. Nc3 Qe7 7. Be3 Nc6 8. Nf3 0-0-0 9. Be2 Ng4 10. Qc1 Nxe3 11. fxe3 Bg4 12. Kf2 Rhe8 13. a3 Bxc3 14. Qxc3 Qf6 15. Rhf1 Qh6 16. h3 Bf5 17. Rae1 Rd6 18. Bd3 Be4 19. Bxe4 Rxe4 20. d5 Ne7 21. Nd2 Rh4 22. e4 Rg6 23. Nf3 Rf4 24. Qe5 Kd7 25. g3 Rff6 26. Kg2 Rb6 27. b4 f6 28. Qc3 f5 29. Ne5+ Kd8 30. Nf7+ Ke8 31. Nxh6 f4 32. Rxf4 gxh6 33. Qh8+ Rg8 34. Qxh7 Rbg6 35. Qf7+ Kd8 36. Rg4 Rxg4 37. hxg4 Rxg4 38. Qe6 Rg6 39. Qh3 1-0

[Event "Lima 1st"]
[Site "Lima"]
[Date "2013.12.02"]
[Round "9"]
[White "Requejo, Oswaldo"]
[Black "Gemy Vargas, Jose Daniel"]
[Result "1/2-1/2"]
[WhiteElo "2302"]
[BlackElo "2329"]
[PlyCount "29"]
[EventDate "2013.11.27"]
[EventType "tourn"]
[EventRounds "9"]
[EventCountry "PER"]
[EventCategory "2"]
[SourceTitle "CBM 157 Extra"]
[Source "ChessBase"]
[SourceDate "2013.12.19"]
[SourceVersion "1"]
[SourceVersionDate "2013.12.19"]
[SourceQuality "1"]

1. d4 d5 2. c4 c6 3. Nf3 Nf6 4. Nc3 a6 5. a4 e6 6. Bg5 a5 7. e3 Na6 8. cxd5 exd5 9. Bxa6 Rxa6 10. 0-0 Be7 11. Ne5 0-0 12. Nd3 Nd7 13. Bxe7 Qxe7 14. Qd2 Ra7 15. Rfe1 1/2-1/2

[Event "Lima 1st"]
[Site "Lima"]
[Date "2013.12.01"]
[Round "8"]
[White "Mendoza, Rodrigo"]
[Black "Requejo, Oswaldo"]
[Result "1/2-1/2"]
[WhiteElo "2198"]
[BlackElo "2302"]
[PlyCount "102"]
[EventDate "2013.11.27"]
[EventType "tourn"]
[EventRounds "9"]
[EventCountry "PER"]
[EventCategory "2"]
[SourceTitle "CBM 157 Extra"]
[Source "ChessBase"]
[SourceDate "2013.12.19"]
[SourceVersion "1"]
[SourceVersionDate "2013.12.19"]
[SourceQuality "1"]

1. Nf3 Nf6 2. c4 g6 3. Nc3 Bg7 4. g3 0-0 5. Bg2 d6 6. 0-0 Nc6 7. d3 e5 8. Bd2 h6 9. Rb1 a5 10. a3 Be6 11. b4 axb4 12. axb4 e4 13. Ne1 exd3 14. exd3 d5 15. c5 d4 16. Ne4 Nxe4 17. Bxe4 Bd5 18. b5 Ne7 19. Qc1 Kh7 20. h4 f5 21. Bf3 f4 22. b6 Bxf3 23. Nxf3 Qd5 24. Bxf4 Qxf3 25. bxc7 Nd5 26. Bd6 Nc3 27. Rb2 Ne2+ 28. Rxe2 Qxe2 29. Bxf8 Rxf8 30. c6 bxc6 31. Qxc6 Qe8 32. Rc1 Qxc6 33. Rxc6 Rc8 34. f4 Kg8 35. Kf2 Kf7 36. Kf3 Bf8 37. Ke4 Ke7 38. Kxd4 Kd7 39. Rxg6 Rxc7 40. g4 Ke8 41. f5 Rc1 42. Kd5 Kf7 43. Ke4 Rh1 44. h5 Rg1 45. d4 Be7 46. Rxh6 Rxg4+ 47. Ke5 Bf8 48. Rf6+ Ke8 49. Re6+ Kf7 50. Rf6+ Ke7 51. Re6+ Kf7 1/2-1/2

[Event "Lima 1st"]
[Site "Lima"]
[Date "2013.11.29"]
[Round "5"]
[White "Requejo, Oswaldo"]
[Black "Uribe Arteaga, Daniel"]
[Result "0-1"]
[WhiteElo "2302"]
[BlackElo "2292"]
[PlyCount "48"]
[EventDate "2013.11.27"]
[EventType "tourn"]
[EventRounds "9"]
[EventCountry "PER"]
[EventCategory "2"]
[SourceTitle "CBM 157 Extra"]
[Source "ChessBase"]
[SourceDate "2013.12.19"]
[SourceVersion "1"]
[SourceVersionDate "2013.12.19"]
[SourceQuality "1"]

1. e4 g6 2. d4 Bg7 3. c3 c5 4. dxc5 Qc7 5. Be3 Na6 6. Bxa6 bxa6 7. Nf3 Nf6 8. Bd4 0-0 9. Nbd2 Bb7 10. Qe2 Rae8 11. e5 Nd5 12. 0-0-0 Nf4 13. Qe3 Ne6 14. Ne4 Qa5 15. a3 Rc8 16. Rhe1 Rfd8 17. Nfd2 d6 18. exd6 Nxd4 19. dxe7 Rd5 20. cxd4 Bxd4 21. Nf6+ Kg7 22. e8Q Qxc5+ 23. Qc3 Bxc3 24. Nde4 Bxb2+ 0-1

[Event "Lima 1st"]
[Site "Lima"]
[Date "2013.11.27"]
[Round "1"]
[White "Vidarte Morales, Arturo"]
[Black "Requejo, Oswaldo"]
[Result "1/2-1/2"]
[WhiteElo "2330"]
[BlackElo "2302"]
[PlyCount "49"]
[EventDate "2013.11.27"]
[EventType "tourn"]
[EventRounds "9"]
[EventCountry "PER"]
[EventCategory "2"]
[SourceTitle "CBM 157 Extra"]
[Source "ChessBase"]
[SourceDate "2013.12.19"]
[SourceVersion "1"]
[SourceVersionDate "2013.12.19"]
[SourceQuality "1"]

1. d4 Nf6 2. c4 e6 3. Nc3 Bb4 4. Bg5 h6 5. Bh4 c5 6. d5 b5 7. e3 Bb7 8. Nf3 bxc4 9. dxe6 fxe6 10. Bxc4 0-0 11. 0-0 d5 12. Be2 Nbd7 13. Rc1 Qe7 14. Na4 Rac8 15. Bb5 c4 16. b3 Ba3 17. Rc2 cxb3 18. axb3 Rxc2 19. Qxc2 Rc8 20. Qd3 Bd6 21. Bxd7 Qxd7 22. Qd4 Qf7 23. Qxa7 Ne4 24. Qb6 Qc7 25. Qxc7 1/2-1/2

[Event "Lima IPD 2nd IM"]
[Site "Lima"]
[Date "2013.02.14"]
[Round "1"]
[White "Chumpitaz Carbajal, Ann"]
[Black "Requejo, Oswaldo"]
[Result "0-1"]
[WhiteElo "2182"]
[BlackElo "2281"]
[PlyCount "180"]
[EventDate "2013.02.11"]
[EventType "tourn"]
[EventRounds "9"]
[EventCountry "PER"]
[EventCategory "4"]
[SourceTitle "EXT 2014"]
[Source "ChessBase"]
[SourceDate "2013.11.20"]
[SourceVersion "1"]
[SourceVersionDate "2013.11.20"]
[SourceQuality "1"]

1. e4 c5 2. Nf3 d6 3. d4 cxd4 4. Nxd4 Nf6 5. Nc3 g6 6. Be3 Bg7 7. f3 0-0 8. Qd2 Nc6 9. 0-0-0 Nxd4 10. Bxd4 Be6 11. Kb1 Qc7 12. g4 Rfc8 13. h4 Qa5 14. a3 Rab8 15. h5 b5 16. hxg6 hxg6 17. Qg5 Bc4 18. Nd5 Bxd5 19. exd5 b4 20. axb4 Rxb4 21. Qd2 Rxd4 22. Qxa5 Rxd1+ 23. Ka2 Rb8 24. Qxa7 Nd7 25. c3 Rd2 26. Qa3 Nb6 27. Kb1 Ra8 28. Qb3 Na4 29. Bc4 Rxb2+ 30. Qxb2 Nxb2 31. Kxb2 Rc8 32. Kb3 Be5 33. Rd1 g5 34. Rc1 Rc5 35. Kb4 Kg7 36. Re1 Kf6 37. Re3 Rc8 38. Bb5 Rb8 39. Rd3 Rh8 40. Ka5 Ra8+ 41. Ba6 Rb8 42. Bb5 Bg3 43. Kb4 Bf2 44. c4 Ke5 45. Kb3 Kf4 46. Kc2 Be3 47. Rd1 Kxf3 48. Rf1+ Bf2 49. Kd3 Ra8 50. Bd7 Ra3+ 51. Kc2 Re3 52. Rd1 Kg2 53. Be8 Rf3 54. Bd7 Rf4 55. Kb3 Re4 56. Rd3 Bc5 57. Rd2+ Kg3 58. Rd3+ Kf4 59. Rh3 Ke5 60. Rh7 Rf4 61. Bf5 Kf6 62. Rh6+ Kg7 63. Rh7+ Kg8 64. Rh5 Rf3+ 65. Kc2 Be3 66. Kb3 Kg7 67. Rh7+ Kg8 68. Rh5 Bf4+ 69. Kc2 Re3 70. Rh6 Kg7 71. Rh7+ Kf6 72. Rh6+ Ke5 73. Bd7 Kd4 74. Bb5 Rg3 75. Rh7 Rg2+ 76. Kb3 Rxg4 77. Rxf7 Rg3+ 78. Ka4 Re3 79. Bd7 Kxc4 80. Be6 Re1 81. Ka5 Be3 82. Ka6 Bd4 83. Kb7 Bf6 84. Rf8 Kd4 85. Kc6 Ke5 86. Ra8 Re4 87. Kd7 Rh4 88. Ra1 g4 89. Rg1 Kf4 90. Rf1+ Ke3 0-1

[Event "Lima IPD Cup"]
[Site "Lima"]
[Date "2013.01.26"]
[Round "8"]
[White "Leiva Rodriguez, Jeammarco Giuseppe"]
[Black "Requejo, Oswaldo"]
[Result "1/2-1/2"]
[WhiteElo "2058"]
[BlackElo "2248"]
[PlyCount "75"]
[EventDate "2013.01.22"]
[EventType "swiss"]
[EventRounds "9"]
[EventCountry "PER"]
[SourceTitle "CBM 152 Extra"]
[Source "ChessBase"]
[SourceDate "2013.02.25"]
[SourceVersion "1"]
[SourceVersionDate "2013.02.25"]
[SourceQuality "1"]

1. d4 Nf6 2. Nf3 c5 3. d5 b5 4. Bg5 Qb6 5. c3 Ne4 6. Bh4 Bb7 7. e3 g6 8. Be2 Bg7 9. 0-0 e6 10. a4 a6 11. Na3 Bxd5 12. axb5 0-0 13. Nd2 axb5 14. Nxe4 Bxe4 15. Nxb5 Rxa1 16. Qxa1 Na6 17. Rd1 Bc6 18. Nd6 Ra8 19. Qc1 Bd5 20. Bg3 Bf8 21. e4 Bxd6 22. exd5 Bxg3 23. hxg3 Nc7 24. dxe6 dxe6 25. Bc4 Rb8 26. Qf4 Qc6 27. Rd6 Qe8 28. Qg5 Nb5 29. Rd2 Qc6 30. Qe5 Qc7 31. Qf6 Nd6 32. Qf4 Rd8 33. Qe5 Qb6 34. Be2 Nb7 35. Rxd8+ Nxd8 36. Bf3 Qxb2 37. Qxc5 Qc1+ 38. Kh2 1/2-1/2

[Event "Lima IPD Cup"]
[Site "Lima"]
[Date "2013.01.26"]
[Round "7"]
[White "Requejo, Oswaldo"]
[Black "Cori Tello, Deysi Estella"]
[Result "1/2-1/2"]
[WhiteElo "2248"]
[BlackElo "2208"]
[PlyCount "152"]
[EventDate "2013.01.22"]
[EventType "swiss"]
[EventRounds "9"]
[EventCountry "PER"]
[SourceTitle "CBM 152 Extra"]
[Source "ChessBase"]
[SourceDate "2013.02.25"]
[SourceVersion "1"]
[SourceVersionDate "2013.02.25"]
[SourceQuality "1"]

1. d4 Nf6 2. c4 g6 3. Nc3 d5 4. Bf4 Bg7 5. e3 c5 6. dxc5 0-0 7. cxd5 Qa5 8. Qd2 Rd8 9. Bc4 Qxc5 10. Bb3 Bf5 11. f3 Na6 12. e4 Bd7 13. Nge2 e6 14. Rc1 b5 15. Be3 Qf8 16. Nf4 b4 17. Nce2 g5 18. dxe6 gxf4 19. exf7+ Kh8 20. Bd4 Bb5 21. e5 Nd5 22. Nxf4 Nxf4 23. Qxf4 Qe7 24. Kf2 Rxd4 25. Qxd4 Bxe5 26. Qe4 Rb8 27. Bc2 Qc5+ 28. Ke1 Kg7 29. Qxh7+ Kf8 30. Qg8+ Ke7 31. Qg5+ Bf6 32. Qxc5+ Nxc5 33. Bg6 Bd4 34. h4 Rb6 35. h5 Re6+ 36. Kd1 Be3 37. Re1 Bxc1 38. Rxe6+ Nxe6 39. Kxc1 Nf4 40. g4 Nxg6 41. hxg6 Bd3 42. a3 b3 43. Kd2 Bxg6 44. Ke3 Bxf7 45. f4 Ke6 46. Ke4 Kf6 47. Kf3 Bc4 48. Kg3 Be2 49. Kh4 Bf3 50. Kg3 Bd1 51. Kh4 a6 52. Kh5 Be2 53. Kh4 a5 54. Kh5 a4 55. Kh4 Bd3 56. Kh5 Bg6+ 57. Kh4 Be8 58. Kg3 Bc6 59. Kh4 Be4 60. Kh5 Ke6 61. Kg5 Kd5 62. Kf6 Kd4 63. f5 Kd3 64. Ke5 Bc6 65. g5 Kc2 66. g6 Be8 67. Kf6 Bxg6 68. fxg6 Kxb2 69. g7 Ka1 70. g8Q b2 71. Qc4 b1Q 72. Qxa4 Ka2 73. Qb4 Qf1+ 74. Ke5 Qe2+ 75. Kd4 Qg4+ 76. Kc5 Qf5+ 1/2-1/2

[Event "Lima IPD Cup"]
[Site "Lima"]
[Date "2013.01.24"]
[Round "4"]
[White "Cori Quispe, Kevin Joel"]
[Black "Requejo, Oswaldo"]
[Result "0-1"]
[WhiteElo "2098"]
[BlackElo "2248"]
[PlyCount "48"]
[EventDate "2013.01.22"]
[EventType "swiss"]
[EventRounds "9"]
[EventCountry "PER"]
[SourceTitle "CBM 152 Extra"]
[Source "ChessBase"]
[SourceDate "2013.02.25"]
[SourceVersion "1"]
[SourceVersionDate "2013.02.25"]
[SourceQuality "1"]

1. e4 e5 2. Nf3 Nc6 3. Nc3 Nf6 4. Bb5 Nd4 5. Ba4 Bc5 6. 0-0 Qe7 7. d3 c6 8. Nxd4 Bxd4 9. Ne2 Bb6 10. Ng3 d6 11. Be3 h5 12. Bxb6 axb6 13. Bb3 h4 14. Nf5 Bxf5 15. exf5 Rh5 16. Qd2 Rxf5 17. Rae1 h3 18. g3 0-0-0 19. a4 d5 20. a5 Qc5 21. axb6 Qxb6 22. Kh1 e4 23. d4 Ng4 24. Kg1 Rd6 0-1

[Event "Lima IPD Cup"]
[Site "Lima"]
[Date "2013.01.23"]
[Round "3"]
[White "Requejo, Oswaldo"]
[Black "Carbajal, Augusto"]
[Result "1-0"]
[WhiteElo "2248"]
[BlackElo "2185"]
[PlyCount "89"]
[EventDate "2013.01.22"]
[EventType "swiss"]
[EventRounds "9"]
[EventCountry "PER"]
[SourceTitle "CBM 152 Extra"]
[Source "ChessBase"]
[SourceDate "2013.02.25"]
[SourceVersion "1"]
[SourceVersionDate "2013.02.25"]
[SourceQuality "1"]

1. e4 c5 2. Nf3 Nc6 3. d4 cxd4 4. Nxd4 Nf6 5. Nc3 e5 6. Ndb5 d6 7. Bg5 a6 8. Na3 b5 9. Bxf6 gxf6 10. Nd5 Bg7 11. c3 f5 12. exf5 Bxf5 13. Bd3 Be6 14. Be4 Rc8 15. Qh5 Ne7 16. Nxe7 Qxe7 17. Rd1 Rc5 18. 0-0 d5 19. Bf5 Bxf5 20. Qxf5 0-0 21. Nc2 d4 22. cxd4 exd4 23. Qd3 Rd8 24. Rfe1 Re5 25. Rxe5 Qxe5 26. Ne3 Qe6 27. Nf5 Bf6 28. a3 Kh8 29. h3 Rd5 30. g4 Rd8 31. Kg2 Qd5+ 32. Qf3 Qe6 33. Rd2 Qd7 34. Nh6 Kg7 35. Nf5+ Kh8 36. Rd3 Be5 37. Qe4 Bf6 38. Ng3 Re8 39. Qf3 Be5 40. Nh5 Qe7 41. Qe4 Qd7 42. Rf3 Qe7 43. Qf5 Kg8 44. g5 Qb7 45. h4 1-0